Servicios públicos domiciliarios. Régimen básico. Incluye Decreto de Reestructuración (Registro nro. 33857)
[ vista simple ]
| 000 -ENCABEZADO | |
|---|---|
| Número de control [NR] | 00963nam a2200229Ia 4500 |
| 008 - DE LONGITUD FIJA DE DATOS DE ELEMENTOS - INFORMACIÓN GENERAL | |
| Elementos de longitud fija [NR] | 130821s2002 ck gr spa |
| 040 ## - FUENTE DE CATALOGACION [NR] | |
| Agencia de catalogación original [NR] | Co-BoUCM |
| Idioma de catalogación [NR] | spa |
| 041 00 - CODIGO DE IDIOMA [R] | |
| Código de idioma para texto/pista de sonido o título separado [R] | Español |
| 110 ## - ASIENTO PRINCIPAL--NOMBRE CORPORATIVO [NR] | |
| Nombre corporativo o de jurisdicción como elemento de entrada [NR] | Colombia. Superintendencia de Servicios Públicos Domiciliarios |
| ID de autoridad | 4066 |
| 245 00 - MENCION DE TITULO [NR] | |
| Título [NR] | Servicios públicos domiciliarios. Régimen básico. Incluye Decreto de Reestructuración |
| Mención de responsabilidad, etc. [NR] | Superintendencia de Servicios Públicos Domiciliarios |
| 250 ## - MENCION DE EDICION [NR] | |
| Mención de edición [NR] | 2a. Ed. |
| 260 ## - PUBLICACION, DISTRIBUCION, ETC. (PIE DE IMPRENTA) [R] | |
| Lugar de publicación, distribución, etc. [R] | Bogotá (Colombia) |
| Nombre del editor, distribuidor, etc. [R] | La Superintendencia |
| Fecha de publicación, distribución, etc. [R] | 2002 |
| 300 ## - DESCRIPCION FISICA [R] | |
| Extensión [R] | 272 páginas |
| 504 ## - NOTA DE BIBLIOGRAFIA, ETC. [R] | |
| Nota de bibliografía, etc. [NR] | |
| 610 ## - ASIENTO SECUNDARIO DE MATERIA - NOMBRE CORPORATIVO [R] | |
| Nombre corporativo o nombre de la jurisdicción como elemento de entrada [NR] | Colombia |
| Unidad subordinada [R] | Superintendencia de Servicios Públicos Domiciliarios |
| 9 (RLIN) | 4066 |
| 630 ## - ASIENTO SECUNDARIO DE MATERIA - TITULO UNIFORME [R] | |
| Título uniforme [NR] | Ley 689 de 2001 |
| 9 (RLIN) | 6868 |
| 650 04 - ASIENTO SECUNDARIO DE MATERIA - TERMINO TEMATICO [R] | |
| Término temático o nombre geográfico como elemento de entrada [NR] | Derecho administrativo |
| Subdivisión geográfica [R] | Colombia |
| 9 (RLIN) | 31733 |
| 650 04 - ASIENTO SECUNDARIO DE MATERIA - TERMINO TEMATICO [R] | |
| Término temático o nombre geográfico como elemento de entrada [NR] | Protección del consumidor |
| 9 (RLIN) | 22642 |
| 650 04 - ASIENTO SECUNDARIO DE MATERIA - TERMINO TEMATICO [R] | |
| Término temático o nombre geográfico como elemento de entrada [NR] | Servicios públicos domiciliarios |
| Subdivisión de forma [R] | Jurisprudencia |
| Subdivisión geográfica [R] | Colombia |
| 9 (RLIN) | 24341 |
| 942 ## - ELEMENTOS DE ENTRADA AGREGADOS (KOHA) | |
| Tipo de ítem principal el descrito en 300a | Libro |
| Tema principal | Administración |
| Edición | 2 |
| Parte restante de la signatura top. | C718S |
| Sistema de clasificación | DEWEY |
| Clasificación | 363.6 |
| Fecha de último préstamo | Total préstamos | Signatura topográfica | Código de barras | Última vez visto | Volúmen / Fascículo | Ejemplar | Price effective from | Tipo de ítem | Perdido | Sistema de clasificación | Dañado | No prestable | Tipo de ítem específico | Suprimido | Ubicación habitual | Ubicación actual | Localización | Fecha de creación | Forma de adquisición | Costo | Costo de reposición | Proveedor |
|---|---|---|---|---|---|---|---|---|---|---|---|---|---|---|---|---|---|---|---|---|---|---|
| 363.6 C718S | 100164384 | 16/10/2019 | 2a.Ed. | Ej.2 | 16/10/2019 | Libro | DEWEY | Libro | Bodega | Bodega | Préstamo 4 días después de solicitado | 16/10/2019 | Donación | 0.00 | 26000.00 | 12 | ||||||
| 02/08/2018 | 17 | 363.6 C718S | 100060963 | 10/12/2025 | 2a. Ed. | Ej.1 | 03/02/2013 | Libro | DEWEY | Libro | Claustro | Claustro | 2do piso | 28/02/2003 | Donación | 10000.00 |